| 000 | 00726cam a22002291 4500 | ||
|---|---|---|---|
| 001 | 3116797 | ||
| 003 | ARRUPE | ||
| 005 | 20141120020006.0 | ||
| 008 | 740514s1967 nyu b 000 0 eng | ||
| 010 | _a 67010906 | ||
| 040 |
_aDLC _cDLC _dDLC |
||
| 050 | 0 | 0 |
_aBD161 _b.A8 1967 |
| 100 | 1 |
_aAune, Bruce, _d1933- _91339 |
|
| 245 | 1 | 0 |
_aKnowledge, mind, and nature; _ban introduction to theory of knowledge and the philosophy of mind. |
| 260 |
_aNew York, _bRandom House _c1967 |
||
| 300 |
_axv, 296 p. _c22 cm. |
||
| 504 | _aBibliography: p. [283]-288. | ||
| 650 | 0 |
_aKnowledge, Theory of. _91340 |
|
| 650 | 0 |
_aPhilosophy of mind. _91341 |
|
| 906 |
_a7 _bcbc _corignew _du _eocip _f19 _gy-gencatlg |
||
| 942 |
_2lcc _cMONOGRAPH _01 |
||
| 999 |
_c118066 _d118066 |
||